|
|
|
|
| LEADER |
01105cam a2200337 a 4500 |
| 001 |
000043836 |
| 003 |
1921 |
| 005 |
20060508100704.0 |
| 008 |
010217b2004 vm 000 vie |
| 020 |
|
|
|c 30000
|
| 040 |
|
|
|a LRC
|c LRC
|d LRC
|
| 041 |
0 |
|
|a vie
|
| 082 |
1 |
4 |
|a 923.2597
|b Ph-Đ
|
| 245 |
0 |
0 |
|a Phạm Đức Nam - người lãnh đạo xuất sắc qua các thời kỳ /
|c Nhiều tác giả.
|
| 260 |
|
|
|a Đà Nẵng :
|b Nxb Đà Nẵng,
|c 2004.
|
| 300 |
|
|
|a 209 tr. :
|b mh. màu ;
|c 19 cm.
|
| 600 |
1 |
4 |
|a Phạm Đức Nam.
|
| 630 |
0 |
4 |
|a Nhân vật.
|
| 650 |
0 |
4 |
|a Nhân vật
|z Việt Nam.
|
| OWN |
|
|
|a DUT
|
| AVA |
|
|
|a UDN50
|b DUT
|c Book
|d 923.2597 Ph-Đ
|e available
|t Error 5001 Not defined in file expand_doc_bib_avail.
|f 5
|g 0
|h N
|i 0
|j SH
|k 1
|
| 999 |
|
|
|a From the UDN01
|
| AVA |
|
|
|a UDN50
|b DUT
|c Book
|d 923.2597 Ph-Đ
|e available
|t Error 5001 Not defined in file expand_doc_bib_avail.
|f 5
|g 0
|h N
|i 0
|j SH
|k 1
|
| TYP |
|
|
|a Monograph
|
| TYP |
|
|
|a Printed language
|
| 980 |
|
|
|a Mạng thư viện Đại học Đà Nẵng
|